| 000 | 00931nas a2200301 4500 | ||
|---|---|---|---|
| 001 | BR2014003656 | ||
| 003 | BR-BrBNA | ||
| 005 | 20231205124200.0 | ||
| 007 | ta | ||
| 008 | 230509b bl.|||p| |||| 00| 00por d | ||
| 040 |
_aBR-BrBNA _bpor _cBiblioteca Nacional de Agricultura |
||
| 041 | _a(Pt) | ||
| 072 | _aL53; T01 | ||
| 100 | 1 | _aSilva, R.C. | |
| 100 | 1 | _aMotta, M. da | |
| 100 | 1 | _aAmâncio, F.F. | |
| 100 | 1 | _aMelo, A.M.M.A. | |
| 245 | 1 | _aEfeitos do oxifluorfem na fecundidade e no teor de proteínas do caramujo Biomphalaria glabrata | |
| 650 | _aCARAMUJO | ||
| 650 | _aFECUNDIDADE ANIMAL | ||
| 650 | _aPROTEÍNA | ||
| 650 | _aINDUÇÃO | ||
| 650 | _aHERBICIDA | ||
| 650 | _aSUBSTÂNCIA TÓXICA | ||
| 773 | 0 |
_tPesticidas. Revista de Ecotoxicologia e Meio Ambiente (Brazil) _xISSN 0103-7277 _g(Jan-Dec 2008), v. 18 p. 73-82 _wBR2014003656 |
|
| 909 |
_a202311 _bLúcia _c55 _dLúcia Elande |
||
| 942 |
_2AGRIS _n0 _cANA |
||
| 999 |
_c237725 _d237725 |
||